| 000 | 00584nam a2200205 a 4500 | ||
|---|---|---|---|
| 001 | BRCA_8079 | ||
| 005 | 20190320210124.0 | ||
| 008 | 030414s1968----enka###f##---#000-0#eng-# | ||
| 041 | _aeng | ||
| 044 | _aenk | ||
| 050 | 4 |
_aGT2853 _b.B84 1968 |
|
| 100 | 1 |
_aBrett, Gerard _920080 |
|
| 245 | 1 | 0 |
_aDinner is served _ba history of dining in England 1400-1900 _cGerard Brett. |
| 260 |
_aInglaterra _bRupert Hart-Davis _c1968 |
||
| 300 |
_a144 p. _bil., 63 láminas _c26 cm. |
||
| 500 | _aY110 | ||
| 650 | 1 | 4 |
_aCenas y comidas _vHistoria _zInglaterra _920081 |
| 902 | _aGFM | ||
| 942 |
_2lcc _cB |
||
| 999 |
_c7747 _d7747 |
||